| 000 | 00391nam a2200145Ia 4500 | ||
|---|---|---|---|
| 008 | 231129s1989||||xx |||||||||||||| ||spa|| | ||
| 020 | _a958-95246-0-5 | ||
| 040 | _bspa | ||
| 082 | _aCo863.44 R934a | ||
| 100 | _aRuiz Martinez Eduardo | ||
| 245 | 0 | _aEl abrigo de Gabrielina y otros relatos | |
| 260 | _c1989 | ||
| 264 | _aE. Ruiz | ||
| 942 |
_2ddc _cBKS |
||
| 999 |
_c10083 _d10083 |
||